Նոր ամերիկացիներ : (Record no. 208379)
[ view plain ]
| 000 -LEADER | |
|---|---|
| fixed length control field | 00995nam a2200229 u 4500 |
| 001 - CONTROL NUMBER | |
| control field | 000547386 |
| 003 - CONTROL NUMBER IDENTIFIER | |
| control field | AM-YeHGA |
| 005 - DATE AND TIME OF LATEST TRANSACTION | |
| control field | 20250617135842.0 |
| 008 - FIXED-LENGTH DATA ELEMENTS--GENERAL INFORMATION | |
| fixed length control field | 070807s1991 ai | |||||||||||||arm|d |
| 040 ## - CATALOGING SOURCE | |
| Original cataloging agency | AM-YeHGA |
| 041 0# - LANGUAGE CODE | |
| Language code of text/sound track or separate title | arm |
| -- | eng |
| 090 ## - LOCALLY ASSIGNED LC-TYPE CALL NUMBER (OCLC); LOCAL CALL NUMBER (RLIN) | |
| -- | 209884 |
| 100 1# - MAIN ENTRY--PERSONAL NAME | |
| Personal name | Անտոնյան, Ա. |
| 245 10 - TITLE STATEMENT | |
| Title | Նոր ամերիկացիներ : |
| Remainder of title | Ուղեցույց, հայերեն-անգլերեն զրուցագիրք և բառարան / |
| Statement of responsibility, etc. | Ա. Անտոնյան; Խմբ.՝ Ա. Դավթյան; Հայաստանի ժուռնալիստն. միութ. |
| 246 14 - VARYING FORM OF TITLE | |
| Title proper/short title | Guide book, armenian-english dictionary and conversation book new americans |
| 260 ## - PUBLICATION, DISTRIBUTION, ETC. | |
| Place of publication, distribution, etc. | Երևան : |
| Name of publisher, distributor, etc. | Արիադնա, |
| Date of publication, distribution, etc. | 1991. |
| 300 ## - PHYSICAL DESCRIPTION | |
| Extent | 214 էջ ; |
| Dimensions | 17 սմ. |
| 546 ## - LANGUAGE NOTE | |
| Language note | Տեքստը հայ. և անգլ. լեզուներով |
| 650 14 - SUBJECT ADDED ENTRY--TOPICAL TERM | |
| Topical term or geographic name entry element | Անգլերեն լեզու |
| General subdivision | Զրուցարան |
| 700 1# - ADDED ENTRY--PERSONAL NAME | |
| Personal name | Դավթյան, Ա. |
| Relator term | խմբ. |
| Relationship | edt |
| 710 2# - ADDED ENTRY--CORPORATE NAME | |
| Corporate name or jurisdiction name as entry element | Հայաստանի ժուռնալիստների միություն |
| Withdrawn status | Lost status | Damaged status | Not for loan | Collection | Home library | Current library | Date acquired | Total checkouts | Full call number | Barcode | Date last seen | Price effective from | Koha item type | Public note |
|---|---|---|---|---|---|---|---|---|---|---|---|---|---|---|
| General | Fundamental Scientific Library | Fundamental Scientific Library | 28/12/2016 | AI/19672 | FL0064445 | 28/12/2016 | 28/12/2016 | Գրքեր / Books | 30 Days Loan |
ՀՀ Գիտությունների ազգային ակադեմիայի հիմնարար գիտական գրադարան = Fundamental Scientific Library of NAS RA
All site content, except where otherwise noted, is licensed under a